Historia de la ciudad de Compluto vulgarmente Alcalá de Santiuste y aora de Henares (Record no. 162461)
[ view plain ]
| 000 -LEADER | |
|---|---|
| campo de control de longitud fija | 01071nam a2200217 i 4500 |
| 001 - NÚMERO DE CONTROL | |
| campo de control | 162461 |
| 003 - IDENTIFICADOR DE NÚMERO DE CONTROL | |
| campo de control | ES-MaACL |
| 005 - FECHA Y HORA DE LA ÚLTIMA TRANSACCIÓN | |
| campo de control | 20240217123738.0 |
| 008 - DATOS DE LONGITUD FIJA--INFORMACIÓN GENERAL | |
| campo de control de longitud fija | 931025s1728 sp |||| | spa d |
| 040 ## - FUENTE DE CATALOGACIÓN | |
| Centro catalogador/agencia de origen | CAM |
| Lengua de catalogación | spa |
| Centro/agencia transcriptor | PAB |
| 100 1# - ENTRADA PRINCIPAL--NOMBRE DE PERSONA | |
| Nombre de persona | Portilla y Esquivel, Miguel de. |
| 9 (RLIN) | 93248 |
| 245 10 - MENCIÓN DEL TÍTULO | |
| Título | Historia de la ciudad de Compluto vulgarmente Alcalá de Santiuste y aora de Henares |
| Resto del título | : parte II de sus hijos insignes ... / |
| Mención de responsabilidad, etc. | su autor ... Miguel de Portilla y Esquivel ... |
| 260 ## - PUBLICACIÓN, DISTRIBUCIÓN, ETC. | |
| Lugar de publicación, distribución, etc. | En Alcalá : |
| Nombre del editor, distribuidor, etc. | por Joseph Espartosa ..., |
| Fecha de publicación, distribución, etc. | 1728. |
| 300 ## - DESCRIPCIÓN FÍSICA | |
| Extensión | [24], 198, [6] p. ; |
| Dimensiones | 4º. |
| 597 ## - NOTA DE DESCRIPCIÓN FÍSICA | |
| NOTA DE DESCRIPCIÓN FÍSICA | Sign. : §-3§4, A-Z4, 2A-3B4, 2C². |
| 597 ## - NOTA DE DESCRIPCIÓN FÍSICA | |
| NOTA DE DESCRIPCIÓN FÍSICA | Port. con orla tip. |
| 650 #4 - PUNTO DE ACCESO ADICIONAL DE MATERIA--TÉRMINO DE MATERIA | |
| Término de materia o nombre geográfico como elemento de entrada | Alcalá de Henares- |
| Subdivisión general | Historia. |
| 9 (RLIN) | 223677 |
| 852 ## - LOCALIZACIÓN | |
| Ubicación | ES-MaACL |
| Número de control de estantería | R-3374 |
| Nota libre | Cotejado con la relación de obras recuperadas expediente robo. |
| -- | Cambio de signatura: datos tomados del fichero topográfico R. |
| Signatura antigua | Olim: G-1119 |
| Donativo/Legado | Ex-libris ms. de Gerardo O'Reilly, alumno del Colegio de San Jorge, 1748 |
| Designación de la unidad física | vol.2 |
| Encuadernación | Encuadernacion en .pergamino |
| itemnumber | 168573 |
| 942 ## - ELEMENTOS DE ENTRADA SECUNDARIOS (KOHA) | |
| Fuente del sistema de clasificación o colocación | Clasificación decimal universal |
| Estatus retirado | Estado de pérdida | Fuente del sistema de clasificación o colocación | Estado de daño | No para préstamo | Colección | Biblioteca de origen | Biblioteca actual | Ubicación en estantería | Fecha de adquisición | Enumeración/cronología de publicación seriada | Total de préstamos | Signatura topográfica completa | Código de barras | Visto por última vez | Precio de reemplazo | Tipo de ítem Koha |
|---|---|---|---|---|---|---|---|---|---|---|---|---|---|---|---|---|
| Clasificación decimal universal | Libros del s. XVIII | Biblioteca del Ateneo de Madrid | Biblioteca del Ateneo de Madrid | Depósito | 17/01/2008 | v.2 | R-3374 | 1170199 | 23/02/2023 | 23/02/2023 | Libro impreso antiguo |
